| 000 | 00585nam a2200181Ia 4500 | ||
|---|---|---|---|
| 003 | GCL | ||
| 008 | 140319s9999 xx 000 0 ara d | ||
| 040 |
_aGCL / _cGCL |
||
| 082 | 0 | 4 |
_a812.008 _bع ك |
| 100 | 1 | _aعبدالمنعم سليم | |
| 245 | 1 | 0 |
_aالكورس , انتهت الجلسه / _cعبدالمنعم سليم |
| 300 | _a104 ص | ||
| 490 |
_aمسرحيات عربية _v0 |
||
| 650 | 0 | 4 | _aالادب العربى |
| 650 | 0 | 4 | _aالمسرحيات العربية - مجموعات |
| 650 | 0 | 4 | _aالمسرحيات العربية - تاريخ ونقد |
| 942 |
_2ddc _cBK |
||
| 999 |
_c46956 _d46956 |
||